[Event "Cattolica d'Estate op-A 2nd"]
[Site "Cattolica"]
[Date "2022.06.01"]
[Round "5"]
[White "Piangerelli, Michele"]
[Black "Andreev, Konstantin1111"]
[Result "0-1"]
[WhiteElo "2078"]
[BlackElo "2157"]
[PlyCount "116"]
[EventDate "2022.05.30"]
[EventType "swiss"]
[EventRounds "9"]
[EventCountry "ITA"]
[SourceTitle "EXT 2023"]
[Source "ChessBase"]
[SourceDate "2022.10.05"]
[SourceVersion "1"]
[SourceVersionDate "2022.10.05"]
[SourceQuality "1"]

1. e4 c5 2. Nf3 Nc6 3. d4 cxd4 4. Nxd4 Nf6 5. Nc3 e5 6. Ndb5 d6 7. Bg5 a6 8. Na3 b5 9. Nd5 Be7 10. Bxf6 Bxf6 11. c4 b4 12. Nc2 a5 13. b3 g6 14. Be2 Bg7 15. 0-0 0-0 16. a3 Rb8 17. axb4 axb4 18. Ra4 Bb7 19. Ncxb4 Nd4 20. Ra3 f5 21. Bf3 Qh4 22. g3 Qg5 23. Nc2 Ne6 24. h4 Qd8 25. Ra7 Kh8 26. b4 f4 27. Bg4 Bxd5 28. Qxd5 fxg3 29. Qxe6 Qxh4 30. Bh3 gxf2+ 31. Kh2 Qf4+ 32. Kh1 Qxe4+ 33. Bg2 Qxc2 34. Qd7 Rg8 35. Bd5 Rbd8 36. Qe7 Qe2 37. Kg2 Qg4+ 38. Kxf2 Rdf8+ 39. Bf7 e4 40. Ke3 Qg3+ 41. Kxe4 Qg2+ 42. Rf3 Qg4+ 43. Rf4 Qe2+ 44. Kd5 Qd2+ 45. Ke4 Be5 46. Rh4 Qd4+ 47. Kf3 Qd3+ 48. Kg2 Qg3+ 49. Kh1 h5 50. b5 Rxf7 51. Qxf7 Qxh4+ 52. Kg2 Qg3+ 53. Kf1 Qf4+ 54. Qxf4 Bxf4 55. b6 Be3 56. Rd7 Bxb6 57. Rxd6 Bc5 58. Re6 Kh7 0-1

[Event "Imola op 3rd"]
[Site "Imola"]
[Date "2021.12.08"]
[Round "5"]
[White "Tripodi, Enzo"]
[Black "Piangerelli, Michele"]
[Result "1-0"]
[WhiteElo "2108"]
[BlackElo "2039"]
[PlyCount "138"]
[EventDate "2021.12.06"]
[EventType "swiss"]
[EventRounds "5"]
[EventCountry "ITA"]
[SourceTitle "CBM 205 Extra"]
[Source "ChessBase"]
[SourceDate "2022.01.31"]
[SourceVersion "1"]
[SourceVersionDate "2022.01.31"]
[SourceQuality "1"]

1. e4 c5 2. Nf3 e6 3. d4 cxd4 4. Nxd4 Nf6 5. Nc3 Nc6 6. g3 Bb4 7. Bg2 0-0 8. 0-0 d5 9. exd5 exd5 10. Bg5 Bxc3 11. bxc3 h6 12. Bxf6 Qxf6 13. Bxd5 Rd8 14. Bxc6 bxc6 15. Qf3 Qxf3 16. Nxf3 Be6 17. Ne5 Rd2 18. Nxc6 Rxc2 19. Rfc1 Rxc1+ 20. Rxc1 Bxa2 21. Ra1 Be6 22. Rxa7 Re8 23. Re7 Ra8 24. Ra7 Re8 25. Ra1 Kf8 26. Rc1 Rc8 27. Nd4 Bd5 28. Nf5 Rc6 29. Rd1 g6 30. Rxd5 gxf5 31. Rd3 Ke7 32. Kg2 Ke6 33. f4 Rc4 34. Kf3 h5 35. Ke3 f6 36. h4 Ra4 37. Rd2 Rc4 38. Kd3 Kd5 39. Ra2 Rc7 40. Ra6 Rg7 41. c4+ Kc5 42. Ra5+ Kd6 43. Rxf5 Rxg3+ 44. Ke4 Ke6 45. Rxh5 Rc3 46. Rc5 f5+ 47. Kd4 Rf3 48. Rc6+ Kd7 49. Rh6 Rxf4+ 50. Kd5 Rf1 51. Rh7+ Kd8 52. c5 f4 53. c6 f3 54. c7+ Kc8 55. Ke4 f2 56. Kf3 Rc1 57. Kxf2 Rc6 58. h5 Kb7 59. Kg3 Kb6 60. Rd7 Kb7 61. Kg4 Rc1 62. h6 Rg1+ 63. Kf5 Rh1 64. Kg6 Rg1+ 65. Kf7 Rh1 66. Kg7 Rg1+ 67. Kf8 Kc8 68. Rg7 Rf1+ 69. Kg8 Rf8+ 1-0

[Event "Cattolica op-A 8th"]
[Site "Cattolica"]
[Date "2021.05.27"]
[Round "1"]
[White "Koelle, Tobias"]
[Black "Piangerelli, Michele"]
[Result "1-0"]
[WhiteElo "2340"]
[BlackElo "2045"]
[PlyCount "69"]
[EventDate "2021.05.27"]
[EventType "swiss"]
[EventRounds "9"]
[EventCountry "ITA"]
[SourceTitle "CBM 203 Extra"]
[Source "ChessBase"]
[SourceDate "2021.09.30"]
[SourceVersion "1"]
[SourceVersionDate "2021.09.30"]
[SourceQuality "1"]

1. d4 Nf6 2. c4 e6 3. Nc3 Bb4 4. e3 0-0 5. Bd2 b6 6. a3 Bxc3 7. Bxc3 Bb7 8. Nf3 d6 9. b3 Nbd7 10. Be2 Ne4 11. Bb2 f5 12. 0-0 Rf6 13. d5 e5 14. g3 Rg6 15. Kh1 Rh6 16. Nh4 Qg5 17. Qe1 g6 18. f4 Qe7 19. Bf3 c6 20. Bxe4 fxe4 21. dxc6 Bxc6 22. b4 Rf8 23. Qc3 Rh5 24. Rad1 exf4 25. Qh8+ Kf7 26. Rxf4+ Ke8 27. Rxf8+ Qxf8 28. Qxf8+ Nxf8 29. Rxd6 Ba4 30. Bf6 g5 31. Nf5 Kf7 32. g4 Rh3 33. Kg2 Rf3 34. Nh6+ Kg6 35. Bd4+ 1-0

[Event "Imola op 3rd"]
[Site "Imola"]
[Date "2020.12.06"]
[Round "3"]
[White "Piangerelli, Michele"]
[Black "Tomba, Ivan"]
[Result "0-1"]
[WhiteElo "1904"]
[BlackElo "2313"]
[PlyCount "86"]
[EventDate "2020.12.05"]
[EventType "swiss"]
[EventRounds "6"]
[EventCountry "ITA"]
[SourceTitle "CBM 199 Extra"]
[Source "ChessBase"]
[SourceDate "2021.01.31"]
[SourceVersion "1"]
[SourceVersionDate "2021.01.31"]
[SourceQuality "1"]

1. d4 d5 2. c4 c6 3. cxd5 cxd5 4. Bf4 Nf6 5. e3 Nc6 6. Nc3 a6 7. Bd3 e6 8. Rc1 Be7 9. Nf3 Nh5 10. Ne5 Nxf4 11. exf4 Nxe5 12. fxe5 0-0 13. Qh5 g6 14. Qg4 f5 15. Qe2 Qb6 16. Rd1 Qxd4 17. Bxf5 Qf4 18. Bb1 Bc5 19. 0-0 b5 20. Rd3 Bd7 21. Rf3 Qh6 22. Rg3 Rf7 23. Nd1 Raf8 24. Bxg6 Rg7 25. Bb1 Rxg3 26. hxg3 Bb6 27. Qg4+ Kh8 28. Qh4 Qxh4 29. gxh4 Rf4 30. g3 Rd4 31. Kg2 Rd2 32. Kh3 b4 33. f4 Bb5 34. Re1 Be2 35. Nf2 Bxf2 36. Rc1 h5 37. Rc8+ Kg7 38. Rc7+ Kf8 39. Rc6 Bf1+ 40. Kh2 Be3+ 41. Kh1 Bg2+ 42. Kh2 Bf3+ 43. Kh3 Bg4# 0-1

[Event "Veneto-ch qf 79th"]
[Site "Padova"]
[Date "2020.02.22"]
[Round "3.17"]
[White "Piangerelli, Michele"]
[Black "Dionigi, Riccardo"]
[Result "1-0"]
[WhiteElo "1890"]
[BlackElo "2071"]
[PlyCount "73"]
[EventDate "2020.02.21"]
[EventType "swiss"]
[EventRounds "3"]
[EventCountry "ITA"]
[SourceTitle "EXT 2024"]
[Source "ChessBase"]
[SourceDate "2023.10.10"]
[SourceVersion "1"]
[SourceVersionDate "2023.10.10"]
[SourceQuality "1"]

1. d4 f5 2. g3 Nf6 3. Bg2 e6 4. Nh3 d5 5. 0-0 c6 6. c3 Bd6 7. Bf4 Be7 8. Nd2 h6 9. Nb3 0-0 10. f3 a5 11. Bd2 g5 12. Nf2 Nbd7 13. e4 a4 14. Nc1 Nb6 15. Ncd3 Nc4 16. Bc1 Bd7 17. Kh1 Be8 18. exf5 exf5 19. Ne5 Nxe5 20. dxe5 Nd7 21. f4 Nc5 22. Qc2 Ne6 23. Be3 h5 24. fxg5 Bxg5 25. Bxg5 Qxg5 26. Nh3 Qg6 27. Nf4 Nxf4 28. gxf4 Kh8 29. Rg1 Qh6 30. Qf2 h4 31. Bh3 Bh5 32. Rg5 Rg8 33. Rxf5 Bg4 34. Bxg4 Rxg4 35. Qd4 c5 36. Qxd5 Rag8 37. e6 1-0

[Event "Veneto-ch qf 79th"]
[Site "Padova"]
[Date "2020.02.21"]
[Round "1.12"]
[White "Piangerelli, Michele"]
[Black "Pasini, Nicolo"]
[Result "0-1"]
[WhiteElo "1890"]
[BlackElo "2197"]
[PlyCount "82"]
[EventDate "2020.02.21"]
[EventType "swiss"]
[EventRounds "3"]
[EventCountry "ITA"]
[SourceTitle "EXT 2024"]
[Source "ChessBase"]
[SourceDate "2023.10.10"]
[SourceVersion "1"]
[SourceVersionDate "2023.10.10"]
[SourceQuality "1"]

1. d4 Nf6 2. Bf4 d5 3. e3 c5 4. Nd2 Nc6 5. Ngf3 cxd4 6. exd4 Bf5 7. c3 e6 8. Be2 Bd6 9. Ne5 Qc7 10. g4 Bg6 11. h4 Nxe5 12. dxe5 Bxe5 13. Bxe5 Qxe5 14. h5 Bd3 15. g5 Bxe2 16. Qxe2 Nd7 17. Nf3 Qxe2+ 18. Kxe2 Ke7 19. Rad1 h6 20. g6 fxg6 21. Nh4 Nf8 22. Nxg6+ Nxg6 23. hxg6 Rhf8 24. Rd4 Rf6 25. Rg1 Kd6 26. Rb4 b6 27. a4 Raf8 28. Rg2 Rf4 29. Rxf4 Rxf4 30. b3 Ke5 31. Rg1 a5 32. Rb1 Kf5 33. Ke3 Re4+ 34. Kd3 Kxg6 35. f3 Rf4 36. Ke3 Kf5 37. Rh1 e5 38. Rd1 d4+ 39. cxd4 Rxd4 40. Rc1 Rb4 41. Rc3 h5 0-1

[Event "Chioggia op-A 14th"]
[Site "Chioggia"]
[Date "2019.10.06"]
[Round "4"]
[White "Piangerelli, Michele"]
[Black "Casadio, Niccolo"]
[Result "1/2-1/2"]
[WhiteElo "2011"]
[BlackElo "1944"]
[PlyCount "134"]
[EventDate "2019.10.04"]
[EventType "swiss"]
[EventRounds "5"]
[EventCountry "ITA"]
[SourceTitle "EXT 2022"]
[Source "ChessBase"]
[SourceDate "2021.10.06"]
[SourceVersion "1"]
[SourceVersionDate "2021.10.06"]
[SourceQuality "1"]

1. d4 e6 2. c4 Nf6 3. Nf3 d5 4. Nc3 Be7 5. cxd5 exd5 6. Bg5 0-0 7. e3 Bg4 8. Bxf6 Bxf6 9. Qb3 c6 10. Qxb7 Qb6 11. Qxb6 axb6 12. Be2 Rd8 13. 0-0 Nd7 14. Rfd1 Nf8 15. h3 Bxf3 16. Bxf3 Ne6 17. g3 Ra5 18. a3 Nc7 19. Rac1 c5 20. dxc5 Rxc5 21. Na4 Rxc1 22. Rxc1 Ne6 23. b4 b5 24. Nb6 d4 25. Nd5 Be5 26. e4 h6 27. h4 Ra8 28. Rc8+ Rxc8 29. Ne7+ Kf8 30. Nxc8 d3 31. Bd1 Nd4 32. f4 Bc7 33. a4 bxa4 34. Bxa4 Ne2+ 35. Kf2 Nc3 36. Bb3 d2 37. b5 d1Q 38. Bxd1 Nxd1+ 39. Kf3 Nc3 40. b6 Bb8 41. Na7 Na4 42. Nc6 Bxf4 43. gxf4 Nxb6 44. h5 Ke8 45. Nd4 g6 46. Kg4 Nd7 47. e5 Kf8 48. Nb5 Ke7 49. Nd4 Kf8 50. Nf3 Kg7 51. Nh4 Kh7 52. Nf3 Kg7 53. f5 gxh5+ 54. Kf4 Nc5 55. Nh4 Kf8 56. Ke3 f6 57. Kd4 Nb3+ 58. Kc3 Nc5 59. Kc4 Nd7 60. e6 Ne5+ 61. Kd5 Ke8 62. Kd6 Kd8 63. Ng6 Nf3 64. e7+ Ke8 65. Nf4 Nd4 66. Nxh5 Nxf5+ 67. Ke6 Nxe7 1/2-1/2